MARC

LEADER 00000nam0a2200000 4500
001 77510
005 20231031093022.0
035 |a (RuTPU)RU\TPU\book\83111 
090 |a 77510 
100 |a 20050523d1975 km y0rusy50 ca 
101 0 |a rus 
102 |a RU 
105 |a a z 001zy 
200 1 |a Тиристорные регуляторы переменного напряжения  |f М. В. Гельман, С. П. Лохов 
210 |a Москва  |c Энергия  |d 1975 
215 |a 105 с.  |c ил. 
320 |a Библиогр.: с. 101-103. 
610 1 |a регуляторы 
610 1 |a тиристоры 
610 1 |a переменное напряжение 
610 1 |a показатели 
610 1 |a характеристики 
675 |a 621.316.72  |v 3 
700 1 |a Гельман  |b М. В.  |g Морис Владимирович 
701 1 |a Лохов  |b С. П.  |g Сергей Прокопьевич 
801 1 |a RU  |b 63413507  |c 20050523  |g PSBO 
801 2 |a RU  |b 63413507  |c 20190225  |g PSBO 
942 |c BK